Mathematics: Pupils Book-5 (Record no. 3871)
[ view plain ]
| 000 -LEADER | |
|---|---|
| fixed length control field | 00390nam a22001217a 4500 |
| 005 - DATE AND TIME OF LATEST TRANSACTION | |
| control field | 20210416100131.0 |
| 008 - FIXED-LENGTH DATA ELEMENTS--GENERAL INFORMATION | |
| fixed length control field | 210416b ||||| |||| 00| 0 eng d |
| 020 ## - INTERNATIONAL STANDARD BOOK NUMBER | |
| International Standard Book Number | 9789982195645 |
| 040 ## - CATALOGING SOURCE | |
| Transcribing agency | CML |
| 245 ## - TITLE STATEMENT | |
| Title | Mathematics: Pupils Book-5 |
| Statement of responsibility, etc. | Du Preez K., Fourie D., Kachinga W., Lungu M |
| 260 ## - PUBLICATION, DISTRIBUTION, ETC. | |
| Place of publication, distribution, etc. | Cape Town |
| Name of publisher, distributor, etc. | Longman Zambia |
| Date of publication, distribution, etc. | 2020 |
| 942 ## - ADDED ENTRY ELEMENTS (KOHA) | |
| Source of classification or shelving scheme | Dewey Decimal Classification |
| Koha item type | Books |
| Edition | 1st Edition |
| Classification part | 510 |
| Call number suffix | PRE |
| Withdrawn status | Lost status | Source of classification or shelving scheme | Damaged status | Not for loan | Collection code | Home library | Current library | Shelving location | Date acquired | Total Checkouts | Full call number | Barcode | Date last seen | Copy number | Price effective from | Koha item type |
|---|---|---|---|---|---|---|---|---|---|---|---|---|---|---|---|---|
| Dewey Decimal Classification | Natural Sciences & Mathematics | Chalimbana Main Library | Chalimbana Main Library | Natural Sciences & Mathematics | 04/16/2021 | 510 PRE | 9789982195645 | 04/16/2021 | 1 | 04/16/2021 | Books |